000 00326nam a22001457a 4500
003 OSt
005 20220406114522.0
008 220406b |||||||| |||| 00| 0 eng d
020 _a0130384887
040 _cHU
082 _24th
100 _aTanenbaum S. Andrew
_924477
245 _aComputer Networks
942 _2ddc
_cBOOKS
_n0
999 _c34449
_d34449